[Event "Madrid ch Veteranos 2012-2013"]
[Site "Madrid ESP"]
[Date "2012.11.12"]
[Round "5.13"]
[White "Buergo Villanueva, Fernando"]
[Black "Osorio Ramos, Francisco"]
[Result "0-1"]
[WhiteElo "1282"]
[BlackElo "1831"]
[PlyCount "108"]
[EventDate "2012.11.05"]
[EventType "swiss"]
[EventRounds "9"]
[EventCountry "ESP"]
[Source "lmi"]
[SourceDate "2012.11.05"]

1. d4 Nf6 2. Nf3 c5 3. e3 e6 4. Bd3 Nc6 5. a3 d5 6. c4 Bd6 7. cxd5 exd5 8. Bb5
O-O 9. O-O a6 10. Bd3 c4 11. Bc2 Bg4 12. Nc3 b5 13. Qd2 Re8 14. Ng5 h6 15. f3
Bh5 16. g4 Bg6 17. Bxg6 fxg6 18. Nh3 g5 19. Re1 Qd7 20. e4 dxe4 21. Nxe4 Nxe4
22. Rxe4 Rxe4 23. fxe4 Qxg4+ 24. Qg2 Qd1+ 25. Qf1 Qxd4+ 26. Nf2 Rf8 27. Qe2
Bxh2+ 28. Kg2 Bf4 29. Bxf4 Rxf4 30. Rf1 Qf6 31. Qh5 Qf7 32. Qd1 Ne5 33. Nh3
Rxf1 34. Qxf1 Qxf1+ 35. Kxf1 Nd3 36. Ke2 Nxb2 37. Kd2 Nd3 38. Kc3 g4 39. Ng1 g3
40. Nf3 g2 41. Kd2 h5 42. Ke3 h4 43. Kd4 h3 44. e5 h2 45. e6 g1=Q+ 46. Nxg1
hxg1=Q+ 47. Kd5 Qc5+ 48. Ke4 Qe5+ 49. Kf3 c3 50. a4 c2 51. axb5 c1=Q 52. bxa6
Qcf4+ 53. Kg2 Qeg5+ 54. Kh3 Nf2# 0-1

[Event "Madrid ch Veteranos 2012-2013"]
[Site "Madrid ESP"]
[Date "2012.11.12"]
[Round "5.14"]
[White "Alvarez Escudero, Manuel"]
[Black "Alfageme Sanchez, Jesus"]
[Result "1-0"]
[WhiteElo "1803"]
[BlackElo "1720"]
[PlyCount "101"]
[EventDate "2012.11.05"]
[EventType "swiss"]
[EventRounds "9"]
[EventCountry "ESP"]
[Source "lmi"]
[SourceDate "2012.11.05"]

1. e4 d6 2. d4 Nd7 3. f4 e6 4. Nf3 g6 5. c3 Bg7 6. e5 Ne7 7. Bd3 d5 8. Be3 f5
9. Nbd2 b6 10. Ng5 Nb8 11. Qa4+ c6 12. h3 h6 13. Ngf3 Nd7 14. g4 b5 15. Qc2 Nb6
16. gxf5 exf5 17. Rg1 Rg8 18. O-O-O Be6 19. h4 Bh8 20. h5 Nc4 21. Bf2 Qd7 22.
hxg6 Nxg6 23. b3 Nxd2 24. Qxd2 Qe7 25. Rg2 Qf7 26. Rdg1 Kd7 27. Be3 Ne7 28. Nh4
Rxg2 29. Rxg2 Rg8 30. Qe2 Rxg2 31. Qxg2 Qg7 32. Qh3 Qg4 33. Qxg4 fxg4 34. f5 h5
35. fxe6+ Kxe6 36. Kd2 Bg7 37. Ke2 Bf8 38. Kf2 a5 39. Ng6 Nxg6 40. Bxg6 h4 41.
Bg5 g3+ 42. Kg2 Be7 43. Bxe7 Kxe7 44. Bf5 b4 45. cxb4 axb4 46. Bh3 Kd8 47. Kf3
c5 48. dxc5 Kc7 49. e6 Kd8 50. Kg4 d4 51. Kxh4 1-0

[Event "Madrid ch Veteranos 2012-2013"]
[Site "Madrid ESP"]
[Date "2012.11.12"]
[Round "5.15"]
[White "Roldan Garcia, Angel"]
[Black "Garcia Lopez, Pedro"]
[Result "0-1"]
[WhiteElo "1755"]
[BlackElo "1779"]
[PlyCount "68"]
[EventDate "2012.11.05"]
[EventType "swiss"]
[EventRounds "9"]
[EventCountry "ESP"]
[Source "lmi"]
[SourceDate "2012.11.05"]

1. e4 c5 2. c3 e5 3. Nf3 Nc6 4. Bc4 Be7 5. d3 h6 6. O-O Nf6 7. h3 a6 8. a3 b5
9. Ba2 Bb7 10. Re1 Qc7 11. Be3 O-O 12. Nbd2 Rad8 13. Nf1 d5 14. exd5 Nxd5 15.
Qc2 Nxe3 16. Nxe3 Na5 17. Nd2 Qd7 18. Bb1 f5 19. Nb3 Nc6 20. Ba2 Kh8 21. Rad1
Qd6 22. d4 cxd4 23. Nxf5 Qf6 24. Nxe7 Nxe7 25. cxd4 exd4 26. Bb1 d3 27. Qd2 Ng6
28. Nc5 Ba8 29. Ne4 Bxe4 30. Rxe4 Nf4 31. Qe3 Qg5 32. g4 h5 33. Bxd3 hxg4 34.
hxg4 Qxg4+ 0-1

[Event "Madrid ch Veteranos 2012-2013"]
[Site "Madrid ESP"]
[Date "2012.11.12"]
[Round "5.16"]
[White "Correas Aguilera, Eufemio"]
[Black "Rodriguez Lopez-Canizares, Fco"]
[Result "0-1"]
[WhiteElo "1769"]
[BlackElo "1647"]
[PlyCount "62"]
[EventDate "2012.11.05"]
[EventType "swiss"]
[EventRounds "9"]
[EventCountry "ESP"]
[Source "lmi"]
[SourceDate "2012.11.05"]

1. Nf3 c5 2. c4 g6 3. g3 Bg7 4. Bg2 Nc6 5. O-O Nf6 6. Nc3 O-O 7. d3 d5 8. cxd5
Nxd5 9. Bd2 e5 10. Nxd5 Qxd5 11. Bc3 Qe6 12. Ng5 Qd7 13. Qb3 h6 14. Ne4 b6 15.
f4 Bb7 16. fxe5 Nd4 17. Bxd4 Qxd4+ 18. Rf2 Bxe5 19. Rc1 Qxb2 20. Qxb2 Bxb2 21.
Re1 f5 22. Nd6 Bxg2 23. Kxg2 Rad8 24. Nc4 Bd4 25. Rff1 Rfe8 26. e4 fxe4 27.
Rxe4 Rxe4 28. dxe4 Re8 29. Nd6 Re6 30. Nb5 Rxe4 31. Nxd4 Rxd4 0-1

[Event "Madrid ch Veteranos 2012-2013"]
[Site "Madrid ESP"]
[Date "2012.11.12"]
[Round "5.17"]
[White "Sanchez Lucena, Juan"]
[Black "De Juan Rivas, Antonio"]
[Result "0-1"]
[WhiteElo "1411"]
[BlackElo "1857"]
[PlyCount "56"]
[EventDate "2012.11.05"]
[EventType "swiss"]
[EventRounds "9"]
[EventCountry "ESP"]
[Source "lmi"]
[SourceDate "2012.11.05"]

1. d4 e6 2. c4 d5 3. e3 c6 4. a3 Nf6 5. b4 dxc4 6. Bxc4 a6 7. Nc3 Bd6 8. Bb2
O-O 9. Be2 Qc7 10. g3 e5 11. Nf3 h6 12. dxe5 Bxe5 13. Nxe5 Qxe5 14. Qc2 Bf5 15.
Bd3 Bxd3 16. Qxd3 Nbd7 17. O-O Rad8 18. Na4 Qh5 19. Qc2 Qh3 20. f3 Qe6 21. Rae1
b5 22. Nc3 Ne5 23. Ne4 Nxf3+ 24. Rxf3 Nxe4 25. h4 Rd2 26. Qb1 Qh3 27. Re2 Rxe2
28. Rf2 Qxg3+ 0-1

[Event "Madrid ch Veteranos 2012-2013"]
[Site "Madrid ESP"]
[Date "2012.11.12"]
[Round "5.18"]
[White "Martinez Miura, Enrique"]
[Black "Algaba Traspuesto, Jose Antoni"]
[Result "1/2-1/2"]
[WhiteElo "1735"]
[BlackElo "1625"]
[PlyCount "53"]
[EventDate "2012.11.05"]
[EventType "swiss"]
[EventRounds "9"]
[EventCountry "ESP"]
[Source "lmi"]
[SourceDate "2012.11.05"]

1. e4 c5 2. c4 e5 3. Nc3 Nc6 4. g3 g6 5. Bg2 Bg7 6. Nge2 Nge7 7. O-O O-O 8. d3
d6 9. h3 a6 10. a3 Rb8 11. Be3 Nd4 12. Nd5 Nxd5 13. cxd5 f5 14. Nxd4 cxd4 15.
Bd2 b5 16. Qe1 fxe4 17. dxe4 Bd7 18. h4 Rc8 19. Rc1 Qe7 20. Bg5 Bf6 21. Bxf6
Qxf6 22. Qd2 Rfd8 23. Rxc8 Rxc8 24. Rc1 Qd8 25. Rxc8 Qxc8 26. Bf1 Qd8 27. Qb4
1/2-1/2

[Event "Madrid ch Veteranos 2012-2013"]
[Site "Madrid ESP"]
[Date "2012.11.12"]
[Round "5.19"]
[White "Perez Carballeira, Francisco"]
[Black "Poblador Dieguez, Alfredo"]
[Result "1-0"]
[WhiteElo "1608"]
[BlackElo "1680"]
[PlyCount "55"]
[EventDate "2012.11.05"]
[EventType "swiss"]
[EventRounds "9"]
[EventCountry "ESP"]
[Source "lmi"]
[SourceDate "2012.11.05"]

1. d4 e6 2. c4 d5 3. Nc3 Nf6 4. cxd5 exd5 5. Bg5 Be7 6. e3 O-O 7. Bd3 h6 8. Bh4
Nbd7 9. Nge2 c5 10. dxc5 Nxc5 11. Bc2 a6 12. O-O b5 13. b4 Nce4 14. Nxd5 g5 15.
Bxe4 Nxe4 16. Bg3 Nxg3 17. Nxg3 Bb7 18. Nxe7+ Qxe7 19. a3 Rfd8 20. Qg4 Qf6 21.
Qf5 Qc6 22. e4 Bc8 23. Qe5 f6 24. Qb2 Re8 25. Rac1 Qe6 26. f3 Kg7 27. Rc7+ Re7
28. Nf5+ 1-0

[Event "Madrid ch Veteranos 2012-2013"]
[Site "Madrid ESP"]
[Date "2012.11.12"]
[Round "5.20"]
[White "Fernandez- Bujarrabal V., Pedr"]
[Black "Martin Rodriguez, Jose Luis"]
[Result "1-0"]
[WhiteElo "1677"]
[BlackElo "1398"]
[PlyCount "151"]
[EventDate "2012.11.05"]
[EventType "swiss"]
[EventRounds "9"]
[EventCountry "ESP"]
[Source "lmi"]
[SourceDate "2012.11.05"]

1. e4 e6 2. d4 d5 3. e5 c5 4. c3 Nc6 5. Nf3 Qb6 6. Bd3 cxd4 7. cxd4 Bd7 8. O-O
Nxd4 9. Nxd4 Qxd4 10. Qe2 Ne7 11. Kh1 Qb6 12. Nc3 Ng6 13. a3 Bc5 14. Nb5 a6 15.
b4 Bxb5 16. bxc5 Qxc5 17. f4 Bxd3 18. Qxd3 O-O 19. Bd2 Qc6 20. Rac1 Qd7 21. Rc2
Rfc8 22. Rfc1 Rxc2 23. Rxc2 Rc8 24. g3 Rxc2 25. Qxc2 h6 26. Kg2 Ne7 27. g4 Qc6
28. Qb3 Qb5 29. Qc2 Nc6 30. h4 Qc4 31. Qb2 Qb5 32. Qc2 Qb6 33. g5 hxg5 34. hxg5
Qd4 35. Qc1 Qd3 36. Be3 Qb5 37. Qc3 Qa5 38. Qc1 g6 39. Kg3 Qc7 40. Kf2 Qd8 41.
Qc5 Ne7 42. Qd6 Qxd6 43. exd6 Nc6 44. Bb6 Kf8 45. Ke3 Ke8 46. Kd3 Kd7 47. Bc7
b5 48. Kc3 Nd8 49. Kd4 Nb7 50. Ke5 d4 51. Kxd4 Nxd6 52. Ba5 Kc6 53. Bb4 Nc4 54.
Ke4 a5 55. Be7 Kd7 56. Bc5 a4 57. Bb4 Kc6 58. Kd4 Nd6 59. Ke5 Ne8 60. Be7 Nc7
61. Kd4 Nd5 62. Bd8 Nxf4 63. Ke5 Nd5 64. Ba5 Kc5 65. Ke4 Kc4 66. Bd2 Kb3 67.
Bc1 Nc3+ 68. Ke5 Nb1 69. Kf6 Nxa3 70. Kxf7 Nc4 71. Kxg6 Ne5+ 72. Kf6 Nf3 73. g6
Ne5 74. Kxe5 Kc2 75. Ba3 b4 76. Bxb4 1-0

[Event "Madrid ch Veteranos 2012-2013"]
[Site "Madrid ESP"]
[Date "2012.11.12"]
[Round "5.21"]
[White "Ortega Morales, Pedro"]
[Black "Salgado Duarte, Pablo"]
[Result "1-0"]
[WhiteElo "1862"]
[BlackElo "1603"]
[PlyCount "73"]
[EventDate "2012.11.05"]
[EventType "swiss"]
[EventRounds "9"]
[EventCountry "ESP"]
[Source "lmi"]
[SourceDate "2012.11.05"]

1. d4 d5 2. Bf4 Nc6 3. e3 e6 4. Nf3 Nf6 5. c3 h6 6. Bd3 Bd6 7. Bg3 Bxg3 8. hxg3
Qd6 9. Nbd2 Bd7 10. Qe2 O-O-O 11. O-O-O Rde8 12. Bb5 Kb8 13. Bxc6 Bxc6 14. Ne5
Rhf8 15. Kb1 Nd7 16. Nxd7+ Qxd7 17. Nf3 f6 18. Qc2 e5 19. dxe5 fxe5 20. e4 Qe6
21. exd5 Bxd5 22. Rhe1 Bxa2+ 23. Kc1 Bb3 24. Nd4 Bxc2 25. Nxe6 Rxe6 26. Kxc2
Rxf2+ 27. Rd2 Rxd2+ 28. Kxd2 Kc8 29. Ke3 Kd7 30. Ke4 Ke7 31. Re2 Rg6 32. Re3
Ke6 33. Kd3 Rf6 34. Re2 Rf3+ 35. gxf3 Kd5 36. b4 b6 37. c4+ 1-0

[Event "Madrid ch Veteranos 2012-2013"]
[Site "Madrid ESP"]
[Date "2012.11.12"]
[Round "5.22"]
[White "Beekhof Harmsen, Willen"]
[Black "Martinez Carrasco, Jesus"]
[Result "0-1"]
[WhiteElo "1762"]
[BlackElo "1590"]
[PlyCount "70"]
[EventDate "2012.11.05"]
[EventType "swiss"]
[EventRounds "9"]
[EventCountry "ESP"]
[Source "lmi"]
[SourceDate "2012.11.05"]

1. d4 d5 2. Nf3 Nf6 3. c4 e6 4. Nc3 Be7 5. g3 O-O 6. Bg2 Nbd7 7. O-O dxc4 8.
Bf4 a6 9. Ne5 Nb6 10. Rc1 Nfd5 11. e4 Nxf4 12. gxf4 f6 13. Ng4 c6 14. Ne3 Bd6
15. e5 Bc7 16. Qe2 Qxd4 17. Ne4 Qd8 18. Rfd1 Nd5 19. Qxc4 fxe5 20. Nxd5 exd5
21. Rxd5 cxd5 22. Qxc7 Qxc7 23. Rxc7 dxe4 24. Bxe4 exf4 25. f3 Rb8 26. Re7 b6
27. h4 Bf5 28. Bd5+ Kh8 29. h5 h6 30. b4 Rbd8 31. Bb3 Rd4 32. Ra7 Bd3 33. Kg2
Rxb4 34. Kh3 Bc4 35. a3 Rxb3 0-1

[Event "Madrid ch Veteranos 2012-2013"]
[Site "Madrid ESP"]
[Date "2012.11.12"]
[Round "5.23"]
[White "Maseda Iglesias, Luis"]
[Black "Veuthey Martinez, Eloy"]
[Result "1-0"]
[WhiteElo "1741"]
[BlackElo "1570"]
[PlyCount "73"]
[EventDate "2012.11.05"]
[EventType "swiss"]
[EventRounds "9"]
[EventCountry "ESP"]
[Source "lmi"]
[SourceDate "2012.11.05"]

1. d4 d6 2. Nf3 Nf6 3. Nc3 Nbd7 4. e4 e5 5. Bc4 Be7 6. O-O O-O 7. h3 c6 8. a4
Nxe4 9. Nxe4 d5 10. Nxe5 Nxe5 11. dxe5 dxe4 12. Bf4 Qb6 13. b3 Bc5 14. a5 Qc7
15. c3 Bf5 16. b4 Be7 17. Qb3 Kh8 18. Bg3 Qd7 19. Rad1 Qe8 20. Rfe1 Bd8 21. Re2
Bc7 22. Red2 Bxe5 23. Bxe5 Qxe5 24. Bxf7 Qf6 25. Bc4 Qg5 26. Kh1 Rae8 27. Qa2
e3 28. fxe3 Rxe3 29. Rf2 Rfe8 30. Rdf1 Re1 31. Kh2 Rxf1 32. Rxf1 h5 33. Qf2 Be4
34. Re1 Qg6 35. Bf7 Qxg2+ 36. Qxg2 Bxg2 37. Rxe8+ 1-0

[Event "Madrid ch Veteranos 2012-2013"]
[Site "Madrid ESP"]
[Date "2012.11.12"]
[Round "5.24"]
[White "Rodriguez Gomez, Jose"]
[Black "Abad Martin-Camunas, Luis"]
[Result "1-0"]
[WhiteElo "1709"]
[BlackElo "1370"]
[PlyCount "97"]
[EventDate "2012.11.05"]
[EventType "swiss"]
[EventRounds "9"]
[EventCountry "ESP"]
[Source "lmi"]
[SourceDate "2012.11.05"]

1. e4 e6 2. d4 d5 3. exd5 exd5 4. Nf3 Nf6 5. Bd3 Bd6 6. Nc3 O-O 7. Bg5 c5 8.
Nxd5 Qe8+ 9. Ne3 cxd4 10. Nxd4 Nd5 11. O-O Qe5 12. Nf3 Nxe3 13. Bxe3 Qh5 14.
Bxh7+ Qxh7 15. Qxd6 Nd7 16. c3 Nf6 17. Qf4 Qg6 18. Bd4 Bh3 19. Qg3 Bg4 20. Bxf6
gxf6 21. Nd4 Kg7 22. f3 Bd7 23. Qxg6+ fxg6 24. Rfe1 Kf7 25. Rad1 Rad8 26. Kf2
Rh8 27. h3 Bxh3 28. gxh3 Rxh3 29. Kg2 Rdh8 30. Rh1 Rxh1 31. Rxh1 Rb8 32. Rh7+
Kg8 33. Rc7 a6 34. Kg3 b5 35. Ra7 Rb6 36. a3 Rd6 37. Kg4 Kf8 38. f4 Kg8 39. f5
g5 40. b3 Kf8 41. Rc7 Rb6 42. Ne6+ Ke8 43. Nxg5 fxg5 44. Kxg5 Kd8 45. Ra7 Rc6
46. c4 bxc4 47. bxc4 Rxc4 48. Rxa6 Ke7 49. f6+ 1-0

[Event "Madrid ch Veteranos 2012-2013"]
[Site "Madrid ESP"]
[Date "2012.11.12"]
[Round "5.25"]
[White "Arias De Reina Martinez, Francisco"]
[Black "Jaumandreu Llopis, Antonio"]
[Result "1/2-1/2"]
[WhiteElo "1623"]
[BlackElo "1553"]
[PlyCount "62"]
[EventDate "2012.11.05"]
[EventType "swiss"]
[EventRounds "9"]
[EventCountry "ESP"]
[Source "lmi"]
[SourceDate "2012.11.05"]

1. c4 Nf6 2. Nc3 c6 3. g3 g6 4. Bg2 Bg7 5. b4 d5 6. cxd5 Nxd5 7. Rb1 Nxc3 8.
dxc3 Qxd1+ 9. Kxd1 Bxc3 10. Bb2 Bxb2 11. Rxb2 Be6 12. b5 Bd5 13. bxc6 Bxc6 14.
Bxc6+ bxc6 15. Nf3 Nd7 16. Kc2 O-O 17. Rb7 Nc5 18. Rxe7 Rfe8 19. Rxe8+ Rxe8 20.
Nd4 Ne6 21. Nxe6 Rxe6 22. e3 Kf8 23. Rd1 Ke7 24. Rd4 Rf6 25. f4 c5 26. Rc4 Ra6
27. a4 Rc6 28. e4 Ke6 29. Kd3 Rc8 30. Rc2 Rd8+ 31. Ke3 Rc8 1/2-1/2

[Event "Madrid ch Veteranos 2012-2013"]
[Site "Madrid ESP"]
[Date "2012.11.12"]
[Round "5.27"]
[White "Moral Gonzalez, Vicente"]
[Black "Infante Martin, Alonso"]
[Result "1/2-1/2"]
[WhiteElo "1521"]
[BlackElo "1510"]
[PlyCount "39"]
[EventDate "2012.11.05"]
[EventType "swiss"]
[EventRounds "9"]
[EventCountry "ESP"]
[Source "lmi"]
[SourceDate "2012.11.05"]

1. e4 e5 2. Nf3 Nc6 3. Bc4 Bc5 4. Nc3 Nf6 5. h3 d6 6. Nd5 a6 7. O-O O-O 8. d3
h6 9. Nxf6+ Qxf6 10. Be3 Nd4 11. Bxd4 exd4 12. a3 b5 13. Bd5 Rb8 14. b4 Bb6 15.
Nh4 Bd7 16. g3 c6 17. Bb3 Bxh3 18. Re1 g5 19. Nf5 Bxf5 20. exf5 1/2-1/2

[Event "Madrid ch Veteranos 2012-2013"]
[Site "Madrid ESP"]
[Date "2012.11.13"]
[Round "6.1"]
[White "Gil Sierra, Jacinto"]
[Black "Cabanas Bravo, Juan Andres"]
[Result "0-1"]
[WhiteElo "2053"]
[BlackElo "2077"]
[PlyCount "88"]
[EventDate "2012.11.05"]
[EventType "swiss"]
[EventRounds "9"]
[EventCountry "ESP"]
[Source "lmi"]
[SourceDate "2012.11.05"]

1. e4 e5 2. Nf3 Nc6 3. Bb5 a6 4. Bxc6 dxc6 5. O-O Qd6 6. d4 exd4 7. Qxd4 Bg4 8.
Nc3 Bxf3 9. Qxd6 cxd6 10. gxf3 Be7 11. Rd1 h5 12. Rd3 O-O-O 13. Be3 Nf6 14.
Rad1 Nd7 15. f4 h4 16. h3 Rh5 17. Na4 Nf6 18. f3 b5 19. Nc3 Nd7 20. Ne2 Kc7 21.
b4 Nb6 22. Bxb6+ Kxb6 23. Kf2 Ra8 24. Nd4 g6 25. Nb3 Rd8 26. a3 Rhh8 27. Na5 c5
28. c3 c4 29. Rd5 Rh5 30. Ke3 Rxd5 31. Rxd5 Rg8 32. a4 g5 33. f5 Rd8 34. Kd2
Bf6 35. Kc2 Be5 36. axb5 axb5 37. Kb2 f6 38. Kc2 Bf4 39. Kd1 Re8 40. Kc2 g4 41.
hxg4 h3 42. Rd1 h2 43. Rh1 Rh8 44. Kd1 Be5 0-1

[Event "Madrid ch Veteranos 2012-2013"]
[Site "Madrid ESP"]
[Date "2012.11.13"]
[Round "6.2"]
[White "Estrada Martinez, Cesar"]
[Black "Gonzalez Mateos, Rafael"]
[Result "1-0"]
[WhiteElo "2085"]
[BlackElo "2128"]
[PlyCount "69"]
[EventDate "2012.11.05"]
[EventType "swiss"]
[EventRounds "9"]
[EventCountry "ESP"]
[Source "lmi"]
[SourceDate "2012.11.05"]

1. c4 e5 2. g3 f5 3. Bg2 Nf6 4. d4 e4 5. Bg5 Be7 6. Nc3 O-O 7. Nh3 c6 8. O-O b6
9. Nf4 h6 10. Bxf6 Bxf6 11. e3 Ba6 12. Qa4 b5 13. cxb5 cxb5 14. Qb3+ Kh7 15.
Ncd5 Nc6 16. Rfc1 Bg5 17. h4 Bxf4 18. Nxf4 Qa5 19. Qd5 Rad8 20. Bh3 b4 21. Rc5
Qb6 22. Bxf5+ Rxf5 23. Qxf5+ Kg8 24. Qd5+ Kh8 25. Ng6+ Kh7 26. Qxe4 Kg8 27.
Rac1 Bb7 28. Qd5+ Kh7 29. Qf5 Kg8 30. d5 Nb8 31. R5c4 b3 32. axb3 Qxb3 33. Rf4
Qb6 34. Nf8 Qd6 35. Qh7# 1-0

[Event "Madrid ch Veteranos 2012-2013"]
[Site "Madrid ESP"]
[Date "2012.11.13"]
[Round "6.3"]
[White "Fuentes Arjona, Antonio"]
[Black "Garcia Esteban, Ignacio"]
[Result "1/2-1/2"]
[WhiteElo "2008"]
[BlackElo "1941"]
[PlyCount "92"]
[EventDate "2012.11.05"]
[EventType "swiss"]
[EventRounds "9"]
[EventCountry "ESP"]
[Source "lmi"]
[SourceDate "2012.11.05"]

1. e4 c5 2. Nf3 Nc6 3. d4 cxd4 4. Nxd4 d6 5. c4 Nf6 6. Nc3 g6 7. Be2 Bg7 8. Be3
O-O 9. O-O Bd7 10. Qd2 Nxd4 11. Bxd4 Bc6 12. f3 Qc7 13. Rac1 Qd8 14. Rfd1 b6
15. Nd5 Bxd5 16. cxd5 Rc8 17. Ba6 Rxc1 18. Rxc1 Qd7 19. Qb4 Bh6 20. Rc6 Nh5 21.
Qc3 Nf4 22. Qc2 e5 23. Rc7 Qd8 24. Bf2 Qg5 25. Bg3 Nh5 26. Bf2 Nf4 27. g3 Nh3+
28. Kh1 Nxf2+ 29. Qxf2 Ra8 30. Kg2 Qe3 31. Qxe3 Bxe3 32. Rd7 Bc1 33. Rxd6 Bxb2
34. Rd7 Kf8 35. f4 Re8 36. fxe5 Rxe5 37. Kf3 Re7 38. Rd8+ Re8 39. Rd6 Be5 40.
Rc6 Rd8 41. Bb5 h5 42. a4 h4 43. gxh4 Bxh2 44. Kg4 Bd6 45. h5 gxh5+ 46. Kxh5
Ke7 1/2-1/2

[Event "Madrid ch Veteranos 2012-2013"]
[Site "Madrid ESP"]
[Date "2012.11.13"]
[Round "6.4"]
[White "Pastor Alonso De Prado, Albert"]
[Black "Minguela Munoz, Bienvenido"]
[Result "1-0"]
[WhiteElo "2143"]
[BlackElo "1883"]
[PlyCount "67"]
[EventDate "2012.11.05"]
[EventType "swiss"]
[EventRounds "9"]
[EventCountry "ESP"]
[Source "lmi"]
[SourceDate "2012.11.05"]

1. e4 c5 2. c3 Nf6 3. e5 Nd5 4. d4 cxd4 5. Nf3 e6 6. cxd4 Nc6 7. Nc3 Nxc3 8.
bxc3 d5 9. Bd3 Qc7 10. O-O Be7 11. Ng5 h6 12. Nh3 Bd7 13. f4 Na5 14. Bd2 Nc4
15. Rb1 Nxd2 16. Qxd2 Rc8 17. Rf3 f5 18. exf6 Bxf6 19. Bg6+ Kd8 20. Re1 Rf8 21.
Nf2 Bh4 22. g3 Be7 23. Ng4 Bd6 24. Rfe3 Bxf4 25. gxf4 Qxf4 26. Qg2 h5 27. Ne5
Rf6 28. Rf3 Qh4 29. Ref1 Rxf3 30. Qxf3 Qg5+ 31. Kh1 Qe7 32. Qxh5 Qa3 33. Qh4+
Kc7 34. Qg3 1-0

[Event "Madrid ch Veteranos 2012-2013"]
[Site "Madrid ESP"]
[Date "2012.11.13"]
[Round "6.5"]
[White "Hernandez Gutierrez, Jose"]
[Black "Fernandez Garcia, Ignacio"]
[Result "0-1"]
[WhiteElo "1854"]
[BlackElo "1794"]
[PlyCount "98"]
[EventDate "2012.11.05"]
[EventType "swiss"]
[EventRounds "9"]
[EventCountry "ESP"]
[Source "lmi"]
[SourceDate "2012.11.05"]

1. e4 e6 2. d4 d5 3. Nd2 Nf6 4. e5 Nfd7 5. Bd3 b6 6. Ngf3 c5 7. c3 Ba6 8. Bxa6
Nxa6 9. c4 Nb4 10. Qb3 cxd4 11. a3 Nc5 12. Qd1 Nbd3+ 13. Kf1 dxc4 14. Nxc4 Qd5
15. Qc2 Rc8 16. b4 Nxf2 17. bxc5 Nxh1 18. Nd6+ Bxd6 19. Qa4+ Qc6 20. Qxc6+ Rxc6
21. cxd6 Rc4 22. Ke2 Kd7 23. Bd2 Ra4 24. Rxh1 f6 25. Rc1 Rc8 26. Rxc8 Kxc8 27.
Kd3 Kd7 28. Bc1 fxe5 29. Nxe5+ Kxd6 30. Nf3 Kd5 31. Nd2 e5 32. Bb2 b5 33. g4
Ra6 34. g5 Re6 35. Ne4 Re7 36. g6 hxg6 37. h3 Rf7 38. Ng5 Rf4 39. Bc1 e4+ 40.
Ke2 Rf6 41. Bb2 Rc6 42. Kd2 Rc8 43. Ba1 Re8 44. Bb2 Kc4 45. Ke2 e3 46. Nf7 Re6
47. Ng5 Re5 48. Bxd4 Kxd4 49. Nf3+ Kd5 0-1

[Event "Madrid ch Veteranos 2012-2013"]
[Site "Madrid ESP"]
[Date "2012.11.13"]
[Round "6.6"]
[White "Moragrega Herrero, Juan Jose"]
[Black "Alvarez Escudero, Manuel"]
[Result "1-0"]
[WhiteElo "1922"]
[BlackElo "1803"]
[PlyCount "81"]
[EventDate "2012.11.05"]
[EventType "swiss"]
[EventRounds "9"]
[EventCountry "ESP"]
[Source "lmi"]
[SourceDate "2012.11.05"]

1. d4 d5 2. c4 c6 3. Nc3 Nf6 4. Bf4 g6 5. h3 Bg7 6. e3 Nbd7 7. Nf3 e6 8. c5 b6
9. b4 O-O 10. Be2 Re8 11. O-O Nh5 12. Bd6 e5 13. Rc1 exd4 14. Nxd4 bxc5 15.
bxc5 Bxd4 16. exd4 Nhf6 17. Bf3 Ba6 18. Re1 Rxe1+ 19. Qxe1 Qe8 20. Qd2 Ne4 21.
Bxe4 dxe4 22. Re1 f5 23. f3 Bd3 24. fxe4 fxe4 25. Qf4 Qf7 26. Qd2 Re8 27. Bf4
Nf6 28. Be5 a6 29. Qg5 Nd5 30. Nxe4 Bxe4 31. Rxe4 Nc3 32. Re1 Rf8 33. Re3 Qf2+
34. Kh2 Nd5 35. Ra3 Rf7 36. Bg3 Qf5 37. Qh6 Nf6 38. Bd6 Ne4 39. Be5 Re7 40. Rb3
Qf8 41. Rb8 1-0

[Event "Madrid ch Veteranos 2012-2013"]
[Site "Madrid ESP"]
[Date "2012.11.13"]
[Round "6.7"]
[White "Garcia Martin, Juan Manuel"]
[Black "Diaz Begonte, Manuel"]
[Result "1-0"]
[WhiteElo "1874"]
[BlackElo "1787"]
[PlyCount "109"]
[EventDate "2012.11.05"]
[EventType "swiss"]
[EventRounds "9"]
[EventCountry "ESP"]
[Source "lmi"]
[SourceDate "2012.11.05"]

1. d4 d5 2. Bf4 e6 3. Nf3 Bd6 4. Ne5 f6 5. Nd3 Bxf4 6. Nxf4 Ne7 7. e3 O-O 8.
Be2 e5 9. Nh5 Bf5 10. O-O c6 11. c3 Bg6 12. Ng3 Nd7 13. Nd2 e4 14. Qb3 Qb6 15.
Qxb6 axb6 16. c4 f5 17. cxd5 Nxd5 18. Bc4 N7f6 19. Ne2 b5 20. Bb3 Bf7 21. a3
Rfc8 22. Rfc1 b6 23. Nc3 Kf8 24. Nxd5 Nxd5 25. Kf1 c5 26. dxc5 bxc5 27. a4 c4
28. Bd1 b4 29. Nxc4 Rxc4 30. Rxc4 Nxe3+ 31. fxe3 Bxc4+ 32. Ke1 Ke7 33. Rc1 Bd5
34. Rc5 Kd6 35. Rb5 b3 36. a5 g5 37. g3 Be6 38. Kd2 Bd7 39. Rb6+ Kc5 40. Bxb3
Rxa5 41. Rh6 Kb4 42. Bc2 Rd5+ 43. Kc1 Ba4 44. Rxh7 Bxc2 45. Kxc2 Rd3 46. Rb7+
Kc5 47. Rc7+ Kb4 48. Rb7+ Kc4 49. Rc7+ Kb4 50. Rc3 Rd5 51. b3 g4 52. Rc4+ Kb5
53. Rd4 Rc5+ 54. Kb2 Kc6 55. Rc4 1-0

[Event "Madrid ch Veteranos 2012-2013"]
[Site "Madrid ESP"]
[Date "2012.11.13"]
[Round "6.8"]
[White "Garcia Lopez, Pedro"]
[Black "Martin-Consuegra Barrilero, Ja"]
[Result "0-1"]
[WhiteElo "1779"]
[BlackElo "1855"]
[PlyCount "122"]
[EventDate "2012.11.05"]
[EventType "swiss"]
[EventRounds "9"]
[EventCountry "ESP"]
[Source "lmi"]
[SourceDate "2012.11.05"]

1. d4 d6 2. c4 e5 3. d5 f5 4. Nf3 Nf6 5. Nc3 Be7 6. e3 O-O 7. Be2 a5 8. O-O Na6
9. a3 Nc5 10. Qc2 Bd7 11. b3 Nfe4 12. Bb2 Nxc3 13. Bxc3 a4 14. b4 Nb3 15. Rad1
Bf6 16. Nd2 Nxd2 17. Rxd2 Qe7 18. b5 g6 19. Bb4 b6 20. Bc3 Qg7 21. Qb2 Ra7 22.
Bd1 h5 23. f4 e4 24. Bxf6 Qxf6 25. Qc1 Kf7 26. Kh1 Rh8 27. Rg1 Raa8 28. g3 h4
29. g4 fxg4 30. Bxg4 Bxg4 31. Rxg4 h3 32. Rd1 Rh4 33. Rg3 Rg8 34. Rdg1 Rh6 35.
Qc2 Re8 36. Rb1 Rh5 37. Qxa4 g5 38. Qd1 Reh8 39. Qg4 gxf4 40. exf4 Rh4 41. Qd7+
Kf8 42. Qc8+ Kf7 43. Qxc7+ Kf8 44. Qc8+ Kf7 45. Qd7+ Kf8 46. Rg4 Rxg4 47. Qxg4
Rh4 48. Qc8+ Kg7 49. Rg1+ Kh6 50. f5 Rf4 51. Rg3 Rf1+ 52. Rg1 Rxf5 53. Qd7 e3
54. Qe8 Re5 55. Rg6+ Qxg6 56. Qh8+ Kg5 57. Qd8+ Kf4 58. Qh4+ Qg4 59. Qh6+ Ke4
60. Qh7+ Kd4 61. Qc2 Qf3+ 0-1

[Event "Madrid ch Veteranos 2012-2013"]
[Site "Madrid ESP"]
[Date "2012.11.13"]
[Round "6.9"]
[White "Perez Cristobal, Alberto"]
[Black "Lopez Peral, Enrique"]
[Result "1/2-1/2"]
[WhiteElo "1728"]
[BlackElo "1832"]
[PlyCount "78"]
[EventDate "2012.11.05"]
[EventType "swiss"]
[EventRounds "9"]
[EventCountry "ESP"]
[Source "lmi"]
[SourceDate "2012.11.05"]

1. e4 c5 2. Nf3 g6 3. d4 cxd4 4. Nxd4 Bg7 5. g3 Nc6 6. Be3 Qa5+ 7. c3 Nf6 8.
Bg2 Ne5 9. Nd2 Nd3+ 10. Kf1 Nxb2 11. Qc2 Na4 12. Rc1 d6 13. Kg1 Bd7 14. N4b3
Qc7 15. Bd4 Rc8 16. h3 Nh5 17. Bxg7 Nxg7 18. c4 b5 19. Qd3 Qb6 20. Kh2 Nb2 21.
Qc3 O-O 22. Qxb2 Qxf2 23. c5 Nh5 24. Qc3 Qf6 25. Qxf6 Nxf6 26. cxd6 exd6 27.
Rxc8 Rxc8 28. Rc1 Rxc1 29. Nxc1 a5 30. Ncb3 Be6 31. Bf1 a4 32. Nc1 b4 33. Bc4
Bxc4 34. Nxc4 Nxe4 35. Nb2 Nc3 36. Nbd3 b3 37. axb3 axb3 38. Nxb3 f5 39. Nd4
Kf7 1/2-1/2